000 00438nam a22001817a 4500
003 MPLRDC
005 20220104124251.0
008 210129b ||||| |||| 00| 0 eng d
020 _a7-219-00714-0
082 _a859.6 ZY
100 _a周义、梁自卫译
245 _a蓝色的冬神
_c
250 _a一版一刷
260 _a
_b广西人民出版社
_c1988
300 _b
650 _a儿童故事
942 _cBK
_o859.6 ZY
999 _c17966
_d17956